000 01117nam a22003017a 4500
999 _c89079
_d89079
005 20190105131700.0
010 _aBAC-EN21 ENG-111730 B-713043
020 _a9788189301224
_c350.00
020 _a8189301225
_c350.00
035 _aB-587284-322
035 _aEN-95262
035 _aB-713043
037 _adpl
_bUBH/Ven
037 _aDBAD/PUB
037 _bRK Books
082 _a000
100 _aSajit Kumar
245 _aUGC NET/SET for JRF and eligibility test for assistant professor:
_cby Sajit Kumar [and] M. Gagan
_bteaching and research aptitude paper-1 /
250 _arev. ed
260 _aNew Delhi
_bDanika Publishing
_c2015
_c2019
270 _a4352/4C, Ansari Road, Daryaganj
_bNew Delhi
_e110002
300 _aviii,587p.
_axvi, 646p.
_c24cm(pbk)
_bill.
490 _aTrueman's specific series
700 _aGagan, M.
942 _2ddc
_cEN
_h000
_mSAJ